[Event "AUTO-ADV-4783"]
[Site "http://www.queenalice.com/game.php?id=1835429"]
[Date "2024.4.21"]
[Round "1"]
[White "Equiferus"]
[Black "paloberto2"]
[Result "0-1"]
[WhiteElo "1811"]
[BlackElo "1950"]

1. Nf3 c5 2. d4 cxd4 3. Qxd4 Nc6 4. Qa4 e6 5. e4 Be7 6. Bb5 Qa5+ 7. Bd2 Qxa4 8.
Bxa4 Nf6 9. Nc3 O-O 10. O-O a6 11. Bg5 h6 12. Bh4 g5 13. Bg3 b5 14. Bb3 b4 15.
e5 g4 16. Nh4 bxc3 17. bxc3 Ne4 18. c4 Nxg3 19. fxg3 Nxe5 20. Rae1 Nc6 21. c3
Na5 22. Bd1 h5 23. Re5 Nxc4 24. Rxh5 Ne3 25. Rf4 f5 26. Bb3 Bb7 27. Ng6 Rf7 28.
h3 Bd6 29. Rd4 Bxg3 30. Rd3 f4 31. Rg5 Kh7 32. Ne5 Rg7 33. Rh5+ Kg8 34. Bd1 Nxd1
35. Rxd1 d5 36. Nxg4 Rf8 37. Ne5 Rc8 38. Rd3 Rc5 39. Nf3 Rb5 40. Nd2 Rb2 41. a4
Ra2 42. Rh6 Kf7 43. Nf1 Bf2+ 44. Kh2 Rxa4 45. Nd2 d4 46. Nf3 Bg3+ 47. Kh1 Ra1+
48. Ng1 Bf2 49. Rh4 Rxg1+ 50. Kh2 R7xg2# 0-1

[Event "AUTO-ADV-4783"]
[Site "http://www.queenalice.com/game.php?id=1835430"]
[Date "2024.4.21"]
[Round "1"]
[White "paloberto2"]
[Black "Mlintz"]
[Result "0-1"]
[WhiteElo "2013"]
[BlackElo "1974"]

1. d4 e6 2. c4 b6 3. Nc3 Bb4 4. a3 Bxc3+ 5. bxc3 c6 6. Nf3 h6 7. e3 Nf6 8. Bd3
Bb7 9. O-O d6 10. Re1 O-O 11. e4 c5 12. e5 dxe5 13. Rxe5 Nbd7 14. Re1 Qc7 15. g3
Qc6 16. Re3 Ng4 17. Be4 Nxe3 18. Bxc6 Nxd1 19. Bxb7 Rad8 20. Bxh6 Nxc3 21. Bd2
cxd4 22. Nxd4 Na4 23. Nc6 Rde8 24. Bb4 Nac5 25. Rd1 a5 26. Nxa5 bxa5 27. Bxa5
Nxb7 0-1

[Event "AUTO-ADV-4783"]
[Site "http://www.queenalice.com/game.php?id=1835431"]
[Date "2024.4.21"]
[Round "1"]
[White "Mlintz"]
[Black "paloberto2"]
[Result "1-0"]
[WhiteElo "1990"]
[BlackElo "1995"]

1. e4 c5 2. Nc3 Nc6 3. Nf3 e6 4. d4 cxd4 5. Nxd4 Bc5 6. Nxc6 bxc6 7. Be2 Ne7 8.
O-O O-O 9. Bd3 d5 10. Na4 Bd6 11. Qh5 g6 12. Qf3 Qc7 13. g3 Rb8 14. b3 Bd7 15.
Bb2 f5 16. exf5 Nxf5 17. Qd1 Rb4 18. c4 d4 19. Bxf5 Rxf5 20. Qxd4 Be5 21. Qd2 c5
22. Rad1 Bxb2 23. Nxb2 Rb7 24. Nd3 Bc6 25. Nf4 Qe7 26. Qd8+ Qxd8 27. Rxd8+ Kf7
28. Rfd1 Ke7 29. Rh8 Kf6 30. Rd6 Be4 31. Rxe6+ 1-0

[Event "AUTO-MASTER-3213"]
[Site "http://www.queenalice.com/game.php?id=1835489"]
[Date "2024.4.22"]
[Round "1"]
[White "barracuda3113"]
[Black "paloberto2"]
[Result "1-0"]
[WhiteElo "2195"]
[BlackElo "1971"]

1. d4 Nf6 2. Nf3 e6 3. c4 Nc6 4. g3 g6 5. Bg2 Bg7 6. O-O d5 7. Qc2 O-O 8. Nbd2
Re8 9. b3 b6 10. Bb2 Nb4 11. Qb1 Ba6 12. a3 Nc6 13. Qc2 Qd6 14. Rac1 Bb7 15.
Rfd1 Bh6 16. e3 Ng4 17. c5 bxc5 18. Qxc5 Qd7 19. b4 Rec8 20. Nb3 Nf6 21. b5 Ne7
22. Ne5 Qd6 23. Na5 Qxc5 24. Rxc5 Rab8 25. Rdc1 Ne8 26. Nd7 c6 27. Nxb8 Rxb8 28.
bxc6 Bxc6 29. Nxc6 Nxc6 30. Rxc6 Rxb2 31. Rc8 Kf8 32. R1c7 a6 33. Ra7 Rb6 34.
Raa8 1-0

[Event "AUTO-MASTER-3213"]
[Site "http://www.queenalice.com/game.php?id=1835490"]
[Date "2024.4.22"]
[Round "1"]
[White "paloberto2"]
[Black "barracuda3113"]
[Result "0-1"]
[WhiteElo "1979"]
[BlackElo "2189"]

1. d4 Nf6 2. c4 c5 3. d5 e6 4. Nc3 exd5 5. cxd5 d6 6. Nf3 g6 7. e4 Bg7 8. Bg5 h6
9. Bh4 g5 10. Bg3 Nh5 11. Bb5+ Kf8 12. Qc2 a6 13. Bd3 b5 14. Ne2 c4 15. Bxc4
bxc4 16. Qxc4 Qa5+ 17. b4 Qd8 18. Bxd6+ Kg8 19. Be5 Nd7 20. Bxg7 Nxg7 21. Rc1
Kh7 22. O-O Re8 23. Nc3 f6 24. Rfe1 Ne5 25. Nxe5 Rxe5 26. Rcd1 Bd7 27. f3 Rc8
28. Qd3 Qb6+ 29. Qd4 Qxd4+ 30. Rxd4 Rxc3 31. h3 Ne8 32. Kh2 Nd6 0-1

[Event "AUTO-MASTER-3213"]
[Site "http://www.queenalice.com/game.php?id=1835503"]
[Date "2024.4.22"]
[Round "1"]
[White "Biagio"]
[Black "paloberto2"]
[Result "1-0"]
[WhiteElo "2326"]
[BlackElo "1960"]

1. Nf3 c5 2. c4 Nc6 3. Nc3 e6 4. g3 Nf6 5. Bg2 Be7 6. O-O O-O 7. d4 cxd4 8. Nxd4
Bc5 9. Nb3 Bb4 10. Qc2 d6 11. Bg5 h6 12. Bxf6 Qxf6 13. Ne4 Qf5 14. Qd1 Rd8 15.
a3 d5 16. cxd5 exd5 17. Nec5 Bxc5 18. Nxc5 b6 19. Nd3 Bb7 20. Re1 Re8 21. Nf4
Ne7 22. Rc1 Rac8 23. Qa4 a6 24. Bh3 Qe5 25. Bxc8 Nxc8 26. Qd7 Nd6 27. Rc7 Bc8
28. Qc6 Qxb2 29. Qxd6 1-0

[Event "AUTO-MASTER-3213"]
[Site "http://www.queenalice.com/game.php?id=1835504"]
[Date "2024.4.22"]
[Round "1"]
[White "paloberto2"]
[Black "Biagio"]
[Result "0-1"]
[WhiteElo "1941"]
[BlackElo "2287"]

1. d4 d5 2. c4 c6 3. Nc3 Nf6 4. Nf3 dxc4 5. e4 b5 6. a3 Bg4 7. Be2 e6 8. Bg5 Be7
9. O-O O-O 10. h3 Bh5 11. Qc2 Nbd7 12. b3 cxb3 13. Qxb3 Bg6 14. Bd3 a6 15. Rfe1
c5 16. dxc5 Nxc5 17. Qc2 Qxd3 18. Qxd3 Nxd3 0-1

[Event "AUTO-MASTER-3213"]
[Site "http://www.queenalice.com/game.php?id=1835511"]
[Date "2024.4.22"]
[Round "1"]
[White "Capixabba789"]
[Black "paloberto2"]
[Result "1/2-1/2"]
[WhiteElo "1937"]
[BlackElo "2006"]

1. d4 Nf6 2. Nc3 e6 3. e4 Bb4 4. Bd2 Bxc3 5. Bxc3 Nxe4 6. Nf3 Nxc3 7. bxc3 O-O
8. Bd3 b6 9. O-O Ba6 10. c4 d5 11. cxd5 Qxd5 12. Re1 Bxd3 13. Qxd3 Nc6 14. c3
Rfe8 15. h3 h6 16. Ne5 Nxe5 17. Rxe5 Qd6 18. Qf3 f6 19. Re3 Rab8 20. a4 c5 21.
Rd1 c4 22. Ra1 e5 23. dxe5 Rxe5 24. Rae1 a5 25. Rxe5 fxe5 26. Qe4 Re8 1/2-1/2

[Event "AUTO-MASTER-3213"]
[Site "http://www.queenalice.com/game.php?id=1835512"]
[Date "2024.4.22"]
[Round "1"]
[White "paloberto2"]
[Black "Capixabba789"]
[Result "1-0"]
[WhiteElo "1992"]
[BlackElo "1931"]

1. d4 d5 2. c4 Bf5 3. Nc3 e6 4. Nf3 h6 5. e3 Nf6 6. Qb3 Qc8 7. cxd5 exd5 8. Nxd5
Nbd7 9. Nxf6+ Nxf6 10. Bc4 Be6 11. Bxe6 fxe6 12. Ne5 Bd6 13. Ng6 Rg8 14. O-O b6
15. Re1 Qd7 16. e4 Be7 17. Nxe7 Qxe7 18. Bf4 g5 19. Be5 Ng4 20. Bg3 h5 21. h3
Nh6 22. Rac1 Rc8 23. Rc6 h4 24. Rxe6 1-0